| 000 | 00475nam a22001817a 4500 | ||
|---|---|---|---|
| 005 | 20260515115044.0 | ||
| 008 | 241004b |||||||| |||| 00| 0 eng d | ||
| 040 |
_aIN-DiNC _cIN-DiNC |
||
| 041 | _dasm | ||
| 082 |
_a891.4513 _bMAL |
||
| 100 |
_aMalik, Sayed Abdul _eauthor |
||
| 245 |
_aRathar chokori ghure/ _cby Sayed Abdul Malik |
||
| 250 | _a4th ed. | ||
| 260 |
_aGuwahati: _bStudents stores, _c2016. |
||
| 300 | _a264p. | ||
| 650 | _aAssamese novel | ||
| 942 |
_2ddc _cBK |
||
| 999 |
_c11994 _d11994 |
||